<?xml version="1.0" encoding="UTF-8"?><marc:collection xmlns:marc="http://www.loc.gov/MARC21/slim">
  <marc:record>
    <marc:leader>00000nam##2200000za#4500</marc:leader>
    <marc:controlfield tag="001">9.628943</marc:controlfield>
    <marc:controlfield tag="003">CaOODSP</marc:controlfield>
    <marc:controlfield tag="005">20210615110103</marc:controlfield>
    <marc:controlfield tag="007">ta</marc:controlfield>
    <marc:controlfield tag="008">150406|2012||||xxc|||||     f|0| 0 fre|d</marc:controlfield>
    <marc:datafield tag="020" ind1=" " ind2=" ">
      <marc:subfield code="a">978-1-100-99079-8</marc:subfield>
    </marc:datafield>
    <marc:datafield tag="040" ind1=" " ind2=" ">
      <marc:subfield code="a">CaOODSP</marc:subfield>
      <marc:subfield code="b">fre</marc:subfield>
    </marc:datafield>
    <marc:datafield tag="043" ind1=" " ind2=" ">
      <marc:subfield code="a">n-cn---</marc:subfield>
    </marc:datafield>
    <marc:datafield tag="086" ind1="1" ind2=" ">
      <marc:subfield code="a">FA1-2/2012-1F</marc:subfield>
    </marc:datafield>
    <marc:datafield tag="110" ind1="1" ind2=" ">
      <marc:subfield code="a">Canada. </marc:subfield>
      <marc:subfield code="b">Bureau du vérificateur général.</marc:subfield>
    </marc:datafield>
    <marc:datafield tag="245" ind1="1" ind2="0">
      <marc:subfield code="a">Rapport du commissaire à l'environnement et au développement durable à la Chambre des communes. Le point de vue du commissaire ; Chapitres 1, 2 et 3, : </marc:subfield>
      <marc:subfield code="b">La Loi de mise en oeuvre du Protocole de Kyoto ; honorer les engagements 2020 du Canada en matière de changements climatiques ; les sites contaminés fédéraux et leurs impacts </marc:subfield>
    </marc:datafield>
    <marc:datafield tag="260" ind1=" " ind2=" ">
      <marc:subfield code="a">Ottawa - Ontario : </marc:subfield>
      <marc:subfield code="b">Bureau du vérificateur général du Canada </marc:subfield>
    </marc:datafield>
    <marc:datafield tag="300" ind1=" " ind2=" ">
      <marc:subfield code="a">iii, 112p. : </marc:subfield>
      <marc:subfield code="b">figures, graphiques, carte, tableaux, photographies ; </marc:subfield>
      <marc:subfield code="c">28 cm.</marc:subfield>
    </marc:datafield>
    <marc:datafield tag="490" ind1="1" ind2=" ">
      <marc:subfield code="a">Rapport du commissaire à l'environnement et au développement durable à la Chambre des communes</marc:subfield>
      <marc:subfield code="v">Printemps 2012</marc:subfield>
    </marc:datafield>
    <marc:datafield tag="563" ind1=" " ind2=" ">
      <marc:subfield code="a">Couverture souple</marc:subfield>
    </marc:datafield>
    <marc:datafield tag="590" ind1=" " ind2=" ">
      <marc:subfield code="a">12-30</marc:subfield>
      <marc:subfield code="b">2012-07-27</marc:subfield>
    </marc:datafield>
    <marc:datafield tag="775" ind1="0" ind2="8">
      <marc:subfield code="t">Report of the Commissioner of the Environment and Sustainable Development to the House of Commons. The Commissioner's perspective ; Chapters 1, 2 and 3, : </marc:subfield>
      <marc:subfield code="w">(CaOODSP)9.620322</marc:subfield>
    </marc:datafield>
    <marc:datafield tag="776" ind1="0" ind2="#">
      <marc:subfield code="t">Rapport du commissaire à l'environnement et au développement durable à la Chambre des communes : </marc:subfield>
      <marc:subfield code="w">(CaOODSP)9.603759</marc:subfield>
    </marc:datafield>
    <marc:datafield tag="776" ind1="0" ind2="#">
      <marc:subfield code="t">Rapport du commissaire à l'environnement et au développement durable. Chapitre 2, : </marc:subfield>
      <marc:subfield code="w">(CaOODSP)9.603763</marc:subfield>
    </marc:datafield>
    <marc:datafield tag="776" ind1="0" ind2="#">
      <marc:subfield code="t">Rapport du commissaire à l'environnement et au développement durable. Chapitre 3, : </marc:subfield>
      <marc:subfield code="w">(CaOODSP)9.603765</marc:subfield>
    </marc:datafield>
    <marc:datafield tag="776" ind1="0" ind2="#">
      <marc:subfield code="t">Rapport du commissaire à l'environnement et au développement durable. Chapitre 1, : </marc:subfield>
      <marc:subfield code="w">(CaOODSP)9.603760</marc:subfield>
    </marc:datafield>
    <marc:datafield tag="830" ind1="#" ind2="0">
      <marc:subfield code="a">Rapport du commissaire à l'environnement et au développement durable à la Chambre des communes ;</marc:subfield>
      <marc:subfield code="v">Printemps 2012</marc:subfield>
      <marc:subfield code="w">(CaOODSP)9.514061</marc:subfield>
    </marc:datafield>
  </marc:record>
</marc:collection>
